[Event "CCCSA Spring GM Invitational 2019"]
[Site "Charlotte"]
[Date "2019.03.22"]
[Round "3"]
[White "Ezra Paul Chambers"]
[Black "Arjun, Vishnuvardhan"]
[Result "0-1"]
[WhiteElo "2334"]
[BlackElo "2262"]
[Annotator "TA"]
[PlyCount "88"]
[EventDate "2019.03.20"]
[EventType "tourn"]
[EventCountry "USA"]
[SourceTitle "playchess.com"]
[Source "ChessBase"]
[SourceQuality "1"]

{[%evp 22,88,24,0,34,17,46,6,54,44,66,41,41,47,52,49,58,57,67,55,63,58,56,38,35,-11,-19,-39,-44,-35,-47,-35,-44,-48,-47,-46,-26,-19,-6,-12,-12,-10,-8,-50,-48,-164,-175,-163,-103,-95,-98,-108,-114,-101,-98,-105,-100,-120,-108,-145,-111,-260,-252,-248,-236,-487,-482,-454,-443]} 1. e4 c5 2. Nf3 d6 3. d4 cxd4 4. Nxd4 Nf6 5. Nc3 a6 6. Be2 e5 7. Nb3 Be7 8. Be3 Be6 9. Nd5 Nbd7 10. Qd3 Bxd5 11. exd5 O-O 12. O-O Qb8 {B92: Sicilian Najdorf: 6 Be2} (12... Nc5 13. Nxc5 dxc5 14. Rad1 Bd6 15. Bg5 e4 16. Qb3 Qe7 17. Rfe1 Rad8 18. g3 h6 19. Bxf6 Qxf6 20. Qxb7 Rb8 21. Qxa6 Rxb2 {½-½ (74) Sevian,S (2647)-Sarana,A (2630) chess.com INT 2019}) 13. c4 a5 14. Rfc1 $146 ({Predecessor:} 14. Rad1 Bd8 15. Nd2 Bb6 16. Bxb6 Nxb6 17. Nb1 Nfd7 18. Nc3 Nc5 19. Qb1 Qd8 20. b3 {½-½ (30) Lutz,A (2261)-Naiditsch,A (2417) Bad Zwesten 2000}) 14... Rc8 {The position is equal.} 15. Nd2 Bd8 16. Nb1 Bb6 17. Bxb6 Nxb6 18. Na3 Rc5 19. b3 Nc8 20. Rab1 Na7 21. Qd2 Qc7 22. Nc2 b5 23. b4 axb4 24. Nxb4 {Na6 is the strong threat.} bxc4 {Threatens to win with ...Nb5.} 25. Na6 Qa5 26. Qxa5 Rxa5 27. Bxc4 Rc8 28. Rb8 Rxb8 29. Nxb8 Rc5 30. Na6 Rc8 31. Nb4 Kf8 32. Kf1 {[#]} Nb5 $1 {[%mdl 512]} 33. Ke2 (33. Nc6 $15 Nc7 34. Rd1) (33. Bxb5 Rxc1+) 33... Na3 $19 34. Kd3 {[#]} Rc5 ({But not} 34... Nxc4 35. Rxc4 Rb8 36. f4 $15) (34... Ng4 $1 $19 {White must now prevent ...e4+!} 35. Nc6 Nxf2+ 36. Ke3 Ng4+ 37. Kd3 Ra8) 35. Rc3 Nxc4 36. Rxc4 Nxd5 37. Nxd5 Rxd5+ $17 {[%mdl 4096] Endgame KR-KR} 38. Kc3 Ke7 39. a4 Kd7 40. g4 Rd1 41. Kc2 (41. Rb4 $17) 41... Rf1 $19 42. Kb3 Rxf2 43. a5 $2 (43. Rc1) 43... Rf3+ 44. Kb2 {[#] intending a6.} Rf4 $1 {Accuracy: White = 42%, Black = 67%.} 0-1

[Event "CCCSA Spring GM Invitational 2019"]
[Site "Charlotte"]
[Date "2019.03.22"]
[Round "3"]
[White "Jacobson, Aaron"]
[Black "Stremavicius, Titas"]
[Result "0-1"]
[WhiteElo "2318"]
[BlackElo "2472"]
[Annotator "TA"]
[PlyCount "73"]
[EventDate "2019.03.20"]
[EventType "tourn"]
[EventCountry "USA"]
[SourceTitle "playchess.com"]
[Source "ChessBase"]
[SourceQuality "1"]

{[%evp 19,73,62,87,68,91,64,76,45,31,-218,-225,-225,-225,-225,-225,-225,-225,-225,-225,-218,-226,-225,-204,-210,-208,-216,-208,-290,-299,-287,-256,-286,-286,-285,-291,-328,-315,-330,-310,-305,-293,-354,-328,-354,-353,-431,-408,-548,-332,-310,-266,-491,-477,-520,-489,-29972]} 1. e4 c5 2. Nf3 Nc6 3. d4 cxd4 4. Nxd4 Nf6 5. Nc3 d6 6. Bg5 Bd7 7. Qd2 Rc8 8. f4 h6 9. Bxf6 {B61: Sicilian: Richter-Rauzer: 6...Bd7 7 Qd2} gxf6 10. Nf5 Qa5 {LiveBook: 42 Games} 11. Bb5 {White is better.} a6 12. Bd3 Qc5 $146 ({Predecessor:} 12... Nb4 13. a3 e6 14. Ne3 Nxd3+ 15. cxd3 b5 16. O-O Qb6 {1-0 (31) Wei,Y (2696)-Dai,C (2351) Wuxi 2016}) 13. a3 h5 14. Nd5 $2 (14. O-O-O $14) 14... Bxf5 $1 $19 15. b4 {[#]} Qa7 $1 {Hoping for ...Be6.} ({And not} 15... Qd4 16. c3 $16) 16. exf5 Qd4 17. Nc3 Na7 18. Be4 Qxc3 19. Qxc3 Rxc3 20. Bxb7 Bh6 21. g3 Rxc2 22. Bxa6 Kd7 23. b5 Rb8 24. O-O e5 ({Inferior is} 24... Nxb5 25. Rab1 $11) 25. fxe6+ fxe6 26. a4 f5 27. Rfc1 Rxc1+ 28. Rxc1 Bg7 29. Kg2 Bd4 30. Kh3 Bb6 31. Kh4 Nc8 32. Kxh5 Ne7 33. Rc2 Nd5 34. Kg6 Nb4 35. Rb2 $2 {[#]} (35. Rc4 {only move.} Nd3 36. Rc6) 35... Bc5 36. Re2 Ke7 37. Kh5 {Precision: White = 44%, Black = 78%.} (37. Rd2 $19) 0-1

[Event "CCCSA Spring GM Invitational 2019"]
[Site "Charlotte"]
[Date "2019.03.22"]
[Round "3"]
[White "Martin Del Campo C., Roberto"]
[Black "Francisco, Richard"]
[Result "1-0"]
[WhiteElo "2298"]
[BlackElo "2231"]
[Annotator "TA"]
[PlyCount "75"]
[EventDate "2019.03.20"]
[EventType "tourn"]
[EventCountry "USA"]
[SourceTitle "playchess.com"]
[Source "ChessBase"]
[SourceQuality "1"]

{[%evp 22,75,0,0,0,0,0,0,0,0,3,0,0,-12,0,0,0,0,0,0,0,0,132,135,127,101,95,91,134,139,218,202,255,240,247,245,298,306,298,273,773,762,751,739,827,829,800,782,756,398,850,408,1165,1112,1071,521]} 1. e4 c5 2. Nf3 Nc6 3. d4 cxd4 4. Nxd4 g6 5. Nb3 Bg7 6. Be2 Nf6 7. Nc3 O-O 8. O-O d6 9. Re1 b6 10. Bf1 Bb7 11. Bg5 Rc8 12. Nd5 e6 {B70: Sicilian Dragon: 6 g3 and 6 Be2 (without a later Be3)} 13. Nxf6+ (13. Nc3 a6 14. Qd2 b5 15. Rad1 Ne5 16. f3 Nc4 17. Bxc4 bxc4 18. Nc1 Qb6+ 19. Be3 Qxb2 20. N1e2 {0-1 (62) Ganguly,S (2657)-Shankland,S (2668) Saint Louis 2018}) 13... Bxf6 14. Bxf6 Qxf6 {The position is equal.} 15. c3 Rfd8 16. Nd4 $146 ({Predecessor:} 16. Qe2 Ne5 17. Rad1 Rc7 18. Nd4 Rcd7 19. Qd2 g5 20. Bb5 {1-0 (64) Fluvia Poyatos,J (2479)-Alsina Leal,D (2547) Sabadell 2010}) 16... Ne5 17. Qa4 a6 18. Qb4 Rb8 19. Qxb6 Bxe4 20. Qxa6 Qf4 {And now ...Ng4 would win.} 21. f3 Bd5 (21... Bd3 $1 $11 {remains equal.} 22. Bxd3 Ra8) 22. Qe2 $1 $16 Bc4 23. Qc2 Bxf1 24. Rxf1 Nc4 {[#]} 25. b3 $1 {[%cal Rb3c4]} Ne3 (25... Na5 $16) 26. Qc1 $18 {Strongly threatening g3.} Rbc8 {[#]} 27. g3 $1 {[%cal Rg3f4]} Qh6 28. Re1 e5 29. Rxe3 ({Don't do} 29. Qxe3 $6 Qxe3+ 30. Rxe3 exd4 $18) 29... exd4 {[#]} 30. Re8+ $1 {[%mdl 576] Discovered Attack} Rxe8 $2 (30... Kg7 31. Qxh6+ Kxh6 32. Rxd8 Rxd8 33. cxd4 Rb8) 31. Qxh6 dxc3 32. Kf2 d5 33. Qf4 d4 34. Qxd4 Red8 35. Ke3 f5 $2 (35... Rxd4 36. Kxd4 Kf8) 36. Rc1 (36. Qb6 $142) 36... f4+ (36... Rxd4 $142 37. Kxd4 Kf7 38. Rxc3 Rd8+ 39. Ke5 Re8+ 40. Kd6 f4 41. Rc7+ Kf6 42. Rxh7 Ra8) 37. Qxf4 c2 38. Qe4 {Accuracy: White = 91%, Black = 45%.} 1-0

[Event "CCCSA Spring GM Invitational 2019"]
[Site "Charlotte"]
[Date "2019.03.22"]
[Round "3"]
[White "Adamson, Robby"]
[Black "Yanayt, Eugene"]
[Result "1/2-1/2"]
[WhiteElo "2216"]
[BlackElo "2287"]
[Annotator "TA"]
[PlyCount "33"]
[EventDate "2019.03.20"]
[EventType "tourn"]
[EventCountry "USA"]
[SourceTitle "playchess.com"]
[Source "ChessBase"]
[SourceQuality "1"]

{[%evp 15,33,39,49,-17,-12,-10,-1,0,0,2,-7,0,0,-16,0,-19,0,0,0,0]} 1. e4 c5 2. Nf3 Nf6 3. e5 Nd5 4. Nc3 e6 5. Nxd5 exd5 6. d4 Nc6 7. dxc5 Bxc5 8. Qxd5 d6 9. Bd2 {B29: Sicilian: 2 Nf3 Nf6 (Nimzowitsch Variation)} (9. Bd3 $14) (9. exd6 Qb6 10. Qe4+ Be6 11. Qh4 f6 12. Bc4 Bxf2+ 13. Qxf2 Bxc4 14. b3 Qxf2+ 15. Kxf2 Bf7 16. c4 Kd7 17. Ba3 a5 18. Nd2 Rhe8 19. Rhe1 {½-½ (30) Anand,V (2759)-Mamedyarov,S (2808) Paris 2018}) 9... Be6 $11 {The position is equal.} 10. Qe4 dxe5 $146 (10... Qb6 {keeps more tension.} 11. O-O-O d5 12. Qf4 Bxf2 13. Bd3 O-O-O) ({Predecessor:} 10... d5 11. Qf4 Qb6 12. O-O-O Bxf2 13. Ne1 Bd4 14. Nd3 Nxe5 15. c3 Nxd3+ 16. Bxd3 Rc8 {0-1 (30) Jadoul,M (2320)-Garcia Palermo,C (2515) Brussels 1985}) 11. Bc4 Bxc4 12. Qxc4 Qb6 13. O-O O-O 14. Bc3 Rae8 15. Rae1 {[%cal Rf3e5]} Bd4 16. Bxd4 exd4 17. b3 1/2-1/2

[Event "CCCSA Spring GM Invitational 2019"]
[Site "Charlotte"]
[Date "2019.03.22"]
[Round "4"]
[White "Ringoir, Tanguy"]
[Black "Korley, Kassa"]
[Result "1/2-1/2"]
[WhiteElo "2510"]
[BlackElo "2437"]
[Annotator "TA"]
[PlyCount "95"]
[EventDate "2019.03.20"]
[EventType "tourn"]
[EventCountry "USA"]
[SourceTitle "playchess.com"]
[Source "ChessBase"]
[SourceQuality "1"]

{[%evp 12,95,8,8,11,11,13,16,17,10,20,7,14,13,14,22,24,8,20,0,0,-78,-75,-75,-78,-79,-72,-145,-100,-100,-97,-97,-100,-93,-88,-86,-88,-96,-100,-133,-24,-33,-33,-56,-36,-50,-28,-29,-25,-18,-18,-29,-17,-66,-47,-41,-40,-49,-33,-33,-15,-15,-15,-26,-15,-15,-15,-15,-15,-15,-2,-2,-2,-5,-2,-8,-8,-8,-2,-2,-4,-8,0,0,-2,-8]} 1. d4 d5 2. c4 e6 3. Nc3 Nf6 4. cxd5 exd5 5. Bg5 c6 6. e3 Bd6 7. Bd3 h6 {D35: Queen's Gambit Declined: Exchange Variation} (7... O-O 8. Nge2 Re8 9. Qc2 h6 10. Bh4 Nbd7 11. g4 Nf8 12. h3 b5 13. Rg1 Ne6 14. f4 Bxf4 15. Bh7+ Kh8 16. exf4 Nxd4 17. Qd3 Nxe2 18. Nxe2 Qa5+ {0-1 (45) Mamedyarov,S (2809)-Kramnik,V (2800) Moscow 2018}) 8. Bh4 O-O 9. Nge2 Re8 10. h3 a5 11. Qc2 Na6 {[%cal Bb8a6,Ba6c7,Bc7e6,Be6g5,Bg5h3][%mdl 32]} 12. a3 Nc7 13. O-O Ne6 14. Rad1 Bd7 $146 ({Predecessor:} 14... Be7 15. f3 {0-1 (65) Grego,L (2367)-Eldridge,M (2349) ICCF email 2014}) 15. f3 Ng5 16. e4 {[#]} (16. f4 $11 {remains equal.} Ne6 17. Ng3) 16... Nfxe4 $1 $17 {[%mdl 512]} 17. fxe4 {Threatens to win with Kh1.} (17. Nxe4 dxe4) 17... Nxh3+ $1 18. gxh3 Qxh4 19. Rf2 ({White should play} 19. e5 Rxe5 20. Bh7+ Kh8 21. dxe5 Bc5+ 22. Rd4 Bxd4+ 23. Nxd4 Qxd4+ {[%mdl 64] Double Attack} 24. Kg2) 19... Bxh3 {aiming for ...Re5!} ({Inferior is} 19... Qxh3 20. Rdf1 $11) 20. e5 {[#]} Rxe5 $1 {[%mdl 512] ( -> ...Rg5+)} 21. dxe5 Bc5 22. Nd4 Bxd4 23. Bh7+ Kh8 {[#]} 24. Rxd4 $1 {[%mdl 512]} Qxd4 25. Qd3 Qg4+ (25... Qxe5 $17 26. Qxh3 Kxh7 27. Rxf7 Re8) 26. Kh2 $1 $11 Qh4 27. Qg3 Qxg3+ (27... Qe7 {is interesting.} 28. Bd3 Bd7 29. Rg2 g6 30. Rf2 Re8) 28. Kxg3 Kxh7 (28... Bd7 {keeps more tension.} 29. Bd3 Kg8 30. Na4 Re8 31. Nc5 Bc8) 29. Kxh3 $15 {[%mdl 4096] Endgame KRN-KR} Kg8 30. Na4 Re8 31. Nc5 Re7 32. Rc2 b6 33. Na4 b5 34. Nb6 Rxe5 35. Rxc6 Re2 36. b4 Re3+ 37. Kg4 axb4 38. axb4 {The position is equal.} Re4+ 39. Kf3 Rxb4 40. Nxd5 Rc4 41. Rb6 Rc5 42. Ke4 h5 43. Kd4 Rc4+ 44. Ke3 b4 45. Nxb4 Rc3+ 46. Nd3 Rc7 47. Nf4 g6 48. Nxg6 {Accuracy: White = 50%, Black = 61%.} 1/2-1/2

[Event "CCCSA Spring GM Invitational 2019"]
[Site "Charlotte"]
[Date "2019.03.22"]
[Round "4"]
[White "Stremavicius, Titas"]
[Black "Arjun, Vishnuvardhan"]
[Result "1/2-1/2"]
[WhiteElo "2472"]
[BlackElo "2262"]
[Annotator "TA"]
[PlyCount "44"]
[EventDate "2019.03.20"]
[EventType "tourn"]
[EventCountry "USA"]
[SourceTitle "playchess.com"]
[Source "ChessBase"]
[SourceQuality "1"]

{[%evp 9,44,43,40,43,46,54,49,43,43,40,47,35,40,41,41,41,41,29,32,35,42,43,54,45,68,47,95,31,41,12,76,4,31,46,50,0,0]} 1. g3 e5 2. c4 Nc6 3. Nc3 f5 4. Nf3 Nf6 5. d4 e4 6. Nh4 {[%cal Bf3h4,Bh4g2,Bg2f4][%mdl 32] A27: English Opening: Three Knights Variation} g6 (6... Bb4 7. Nxf5 d5 8. Ne3 dxc4 9. d5 Bxc3+ 10. bxc3 Ne7 11. Qa4+ Kf7 12. Qxc4 Nexd5 13. Nxd5 Qxd5 14. Qxc7+ {1-0 (37) Matlakov,M (2683)-Wen,Y (2585) China 2018}) 7. Bg5 Bg7 8. e3 {White is slightly better.} d6 9. Nd5 ({Much worse is} 9. d5 Ne5 $15) 9... O-O 10. Ng2 Ne7 11. Bxf6 $146 ({Predecessor:} 11. h4 c6 12. Nxe7+ Qxe7 {1-0 (20) Taylor,A (2356)-Groffen,H (2121) Hastings 2018}) 11... Bxf6 12. Nxf6+ Rxf6 13. Qd2 c6 14. h4 Be6 15. Nf4 Bf7 16. Be2 h6 17. b3 a6 {[#]} 18. Rg1 (18. d5 $1 $16) 18... b5 $14 19. Rc1 Kh7 (19... d5 $11) 20. f3 (20. d5 $16) 20... bxc4 21. bxc4 Rb8 22. g4 {Hoping for g5.} exf3 {Accuracy: White = 49%, Black = 59%.} 1/2-1/2

[Event "CCCSA Spring GM Invitational 2019"]
[Site "Charlotte"]
[Date "2019.03.22"]
[Round "4"]
[White "Ostrovskiy, Aleksandr"]
[Black "Jacobson, Brandon"]
[Result "1-0"]
[WhiteElo "2453"]
[BlackElo "2455"]
[Annotator "TA"]
[PlyCount "85"]
[EventDate "2019.03.20"]
[EventType "tourn"]
[EventCountry "USA"]
[SourceTitle "playchess.com"]
[Source "ChessBase"]
[SourceQuality "1"]

{[%evp 9,85,15,14,17,29,21,63,57,125,130,189,200,204,193,202,185,210,193,187,193,196,117,120,115,206,170,277,287,265,266,406,424,448,395,449,437,436,439,413,356,433,312,323,319,348,305,339,349,348,342,299,299,353,352,431,425,446,422,539,530,507,530,672,715,786,785,855,796,29973,29973,29992,29993,29993,29994,29996,29997,29997,29998]} 1. e4 c5 2. Nf3 Nc6 3. Bb5 g6 4. Bxc6 bxc6 5. d4 Bg7 6. dxc5 {B31: Sicilian: 2...Nc6 3 Bb5 g6} Qa5+ 7. Nbd2 Ba6 8. Rb1 $1 {White is slightly better.} (8. a3 Qxc5 9. c4 Nh6 10. b4 Qh5 11. Rb1 f5 12. exf5 O-O 13. fxg6 Qxg6 {1-0 (43) So,W (2765)-Maze,S (2596) Caleta 2019}) 8... Nf6 (8... Rb8 $14) 9. b4 $16 Qxa2 {[#]} (9... Qc7 $16) 10. Rb3 $1 $18 Bb5 11. Ra3 Qe6 {[#]} 12. c4 $1 {[%cal Rc4b5][%mdl 512]} Nxe4 {White must now prevent ...Nc3+.} (12... Bxc4 13. Ng5) 13. Re3 $146 ({Predecessor:} 13. Qe2) 13... Nc3 {Hoping for ...Qxe3+!} 14. Qb3 Ba4 15. Rxe6 (15. Qa3 $18 Qf5 16. Rxc3 Bxc3 17. Qxc3 Qe6+ 18. Kf1) 15... Bxb3 $16 16. Re3 $36 {[%mdl 2048] Strongly threatening Bb2. White has strong initiative.} Bxc4 (16... Na2 $16) 17. Nxc4 $18 {Bb2 is the strong threat.} Rb8 (17... Nd5 $142) 18. Bb2 Rxb4 19. Nfd2 Ra4 (19... Rxb2 {keeps fighting.} 20. Nxb2 e6) 20. O-O ({Less strong is} 20. Bxc3 Bxc3 21. Ke2 Bb4 $16) 20... Nd5 21. Bxg7 Nxe3 22. fxe3 ({Not} 22. Bxh8 Nxc4 23. Bc3 Nxd2 $11) 22... Rg8 23. Bc3 f6 24. Rb1 g5 25. g4 Kf7 26. Rb7 Ke6 27. e4 h5 28. h3 {[%cal Bh2h3,Bh3g4][%mdl 32]} ({Don't do} 28. gxh5 Rh8 $18) 28... hxg4 29. hxg4 Rh8 30. Kg2 Rh4 31. Ne3 Ra2 32. Kg3 Rh1 33. Nf3 Rc1 34. Bd4 a5 35. e5 fxe5 36. Nxe5 Ra4 37. Nf3 {[%cal Rf3g5]} Kf7 38. Rxd7 Rb4 39. Nf5 {White mates.} Rb3 40. Rxe7+ Kg8 41. Re8+ Kf7 42. Nd6+ Kg6 43. Rg8+ {Accuracy: White = 90%, Black = 28%.} 1-0

[Event "CCCSA Spring GM Invitational 2019"]
[Site "Charlotte"]
[Date "2019.03.22"]
[Round "4"]
[White "Arribas Lopez, Angel"]
[Black "Berczes, David"]
[Result "1/2-1/2"]
[WhiteElo "2443"]
[BlackElo "2461"]
[Annotator "TA"]
[PlyCount "42"]
[EventDate "2019.03.20"]
[EventType "tourn"]
[EventCountry "USA"]
[SourceTitle "playchess.com"]
[Source "ChessBase"]
[SourceQuality "1"]

{[%evp 22,42,0,0,0,0,0,0,0,0,0,0,0,0,11,3,14,0,17,0,8,0,15]} 1. e4 c6 2. d4 d5 3. Nc3 dxe4 4. Nxe4 Bf5 5. Ng3 Bg6 6. N1e2 Nf6 7. Nf4 e5 8. dxe5 {B18: Classical Caro-Kann: 4...Bf5 sidelines} Qa5+ 9. c3 Qxe5+ 10. Qe2 Nbd7 11. Nxg6 hxg6 12. Bf4 {LiveBook: 20 Games. The position is equal.} Qxe2+ 13. Bxe2 Bc5 14. O-O {[#]} (14. Bf3 O-O-O 15. O-O Nd5 16. Bxd5 cxd5 {½-½ (51) Svidler,P (2727)-Giri,A (2793) Baku 2015 CBM 169 [Ramirez Alvarez,Alejandro]}) 14... Nd5 $146 ({Predecessor:} 14... O-O-O 15. h3 Nd5 16. Bg5 Rde8 17. Bc4 N7b6 {½-½ (52) Martirosyan,H (2516)-Hovhannisyan,R (2631) Yerevan 2017}) 15. Bd2 O-O-O 16. Rad1 Rhe8 17. Rfe1 N7f6 18. Bf3 Nb6 19. Be2 Nbd5 20. Bf3 Nb6 21. Be2 Nbd5 1/2-1/2

[Event "CCCSA Spring GM Invitational 2019"]
[Site "Charlotte"]
[Date "2019.03.22"]
[Round "4"]
[White "Yoo, Christopher Woojin"]
[Black "Patel, Advait"]
[Result "1/2-1/2"]
[WhiteElo "2426"]
[BlackElo "2470"]
[Annotator "TA"]
[PlyCount "147"]
[EventDate "2019.03.20"]
[EventType "tourn"]
[EventCountry "USA"]
[SourceTitle "playchess.com"]
[Source "ChessBase"]
[SourceQuality "1"]

{[%evp 21,147,27,30,0,19,-2,16,0,0,0,0,0,0,0,0,0,7,0,0,0,0,0,0,-6,-6,-13,-6,-8,-4,-7,0,0,0,0,0,-13,-13,-13,0,0,0,0,0,0,0,0,0,0,0,0,0,0,0,0,0,0,0,0,0,0,0,0,0,0,0,0,0,0,0,0,0,0,0,0,0,0,0,0,0,0,0,0,0,0,0,0,0,0,0,0,0,0,0,0,0,0,0,0,0,0,0,0,0,0,0,0,0,0,0,0,0,0,0,0,0,0,0,0,0,0,0,0,0,0,0,0,0,0]} 1. e4 e5 2. Nf3 Nc6 3. Bb5 a6 4. Ba4 Nf6 5. O-O Be7 6. d3 b5 {[%cal Bb7b5,Bb5b4][%mdl 32]} 7. Bb3 d6 8. a4 Bd7 9. c3 {C84: Closed Ruy Lopez: Unusual White 6th moves} O-O 10. Bc2 b4 11. Nbd2 d5 {LiveBook: 3 Games} 12. d4 Bg4 {The position is equal.} 13. exd5 $146 ({Predecessor:} 13. h3 Bh5 14. g4 bxc3 15. bxc3 Bg6 16. Nxe5 Nxe5 17. dxe5 Nxe4 18. Nxe4 dxe4 {½-½ (52) Ponomariov,R (2709)-Michalik,P (2554) Czech Republic 2017}) 13... bxc3 14. dxc6 cxd2 15. Qxd2 Bxf3 16. dxe5 Qxd2 17. Bxd2 Bxc6 18. exf6 Bxf6 19. Rab1 Rfe8 {[#] Threatens to win with ...Re2.} 20. Be3 Bd5 21. b3 a5 22. Rfd1 c6 23. Kf1 Bc3 24. Bd2 Bxd2 25. Rxd2 Rab8 26. Rd3 Kf8 27. Rc3 Rb4 28. f3 Reb8 29. Rc5 Bxb3 30. Bxb3 Rxb3 31. Rxb3 Rxb3 32. Rxa5 $11 {[%mdl 4096] Endgame KR-KR} Rb2 33. Re5 Ra2 34. a5 f6 35. Rc5 Ke7 36. Rxc6 Rxa5 37. Rc7+ Kf8 38. Kf2 Ra4 39. Rc5 Ra2+ 40. Kg3 Kf7 41. h4 Ra7 42. Kh3 g6 43. g4 Kg7 44. Kg3 Rb7 45. h5 Ra7 46. Rd5 Rb7 47. Ra5 Rc7 48. Ra4 Rb7 49. Ra6 Kf7 50. Ra4 Kg7 51. Kf4 Rc7 52. Ra5 Rc4+ 53. Kg3 Kh6 54. Rb5 Ra4 55. Rc5 Rb4 56. Rc6 Kg5 57. Rc7 Kh6 58. Rc5 Ra4 59. Rd5 Rb4 60. Rd6 Kg5 61. Rd7 gxh5 62. Rd5+ Kg6 63. gxh5+ Kh6 64. f4 Rb1 65. Kg4 Rh1 66. Rc5 Rh2 67. Rf5 Rg2+ 68. Kf3 Rg1 69. Rxf6+ Kxh5 70. Ra6 Rf1+ 71. Kg3 Rg1+ 72. Kh3 Rh1+ 73. Kg2 Rb1 74. Kf3 {Precision: White = 68%, Black = 87%.} 1/2-1/2

[Event "CCCSA Spring GM Invitational 2019"]
[Site "Charlotte"]
[Date "2019.03.22"]
[Round "4"]
[White "Rohan, Ahuja"]
[Black "Gauri, Shankar"]
[Result "1-0"]
[WhiteElo "2380"]
[BlackElo "2378"]
[Annotator "TA"]
[PlyCount "77"]
[EventDate "2019.03.20"]
[EventType "tourn"]
[EventCountry "USA"]
[SourceTitle "playchess.com"]
[Source "ChessBase"]
[SourceQuality "1"]

{[%evp 20,77,30,29,55,56,56,23,58,17,24,18,43,11,11,6,13,18,8,8,26,21,25,20,20,14,23,37,36,33,73,64,83,75,110,110,138,10,131,138,154,132,172,174,200,206,213,193,453,436,985,979,969,960,906,851,29987,29988,29992,29993]} 1. Nf3 d5 2. g3 Nf6 3. Bg2 e6 4. c4 Be7 5. O-O O-O 6. b3 b6 7. Bb2 Bb7 8. e3 c5 9. Nc3 {[%cal Bb1c3,Bc3e2,Be2f4][%mdl 32]} Nc6 10. cxd5 exd5 11. d4 Nb4 {A14: English Opening: 1...e6 with b3 by White} (11... Rc8) 12. a3 Na6 13. Ne5 $146 ({Predecessor:} 13. Rc1 Qd7 14. Ne2 Rfd8 15. Nf4 Qe8 16. Ne5 Bf8 17. dxc5 bxc5 18. Qe2 Rab8 19. Rfd1 {½-½ (50) Bofill Mas,A (2400)-Estremera Panos,S (2330) Barcelona 1992}) 13... Re8 {White has an edge.} 14. Ne2 Bd6 15. Nf4 cxd4 16. exd4 Nc7 17. Re1 Ne6 18. Nxe6 Rxe6 19. Bh3 Re8 20. Rc1 b5 21. Qd3 Qb6 22. Rc2 b4 23. a4 {[%cal Ba3a4,Ba4a5][%mdl 32]} Re7 24. Rec1 Rae8 25. Qb5 h6 26. Bf1 Qd8 27. a5 a6 28. Qa4 (28. Qb6 $16) 28... Ne4 (28... Re6 $11 {keeps the balance.}) 29. Nc6 $16 Bxc6 30. Qxc6 ({Worse is} 30. Rxc6 Nd2 $11) 30... Bc7 31. Qxa6 Bxa5 {[#]} 32. Rc8 $1 {[%cal Rc8d8]} Qb6 {[#]} 33. Qa8 $1 {[%csl LRd5,LRe8]} Nf6 $2 (33... Nd6 {is a better defense.}) 34. R1c5 $18 Rxc8 (34... Qe6 $142 35. Rxe8+ Rxe8 36. Qxa5 Qe1) 35. Rxc8+ ({Less strong is} 35. Qxc8+ Re8 $14) 35... Kh7 36. Bd3+ Ne4 37. Qxd5 f5 38. Qxf5+ g6 39. Qf8 {[%mdl 64] Decoy. Accuracy: White = 74%, Black = 29%.} 1-0

[Event "CCCSA Spring GM Invitational 2019"]
[Site "Charlotte"]
[Date "2019.03.22"]
[Round "4"]
[White "Jacobson, Aaron"]
[Black "Banik, Siddharth"]
[Result "0-1"]
[WhiteElo "2318"]
[BlackElo "2341"]
[Annotator "TA"]
[PlyCount "64"]
[EventDate "2019.03.20"]
[EventType "tourn"]
[EventCountry "USA"]
[SourceTitle "playchess.com"]
[Source "ChessBase"]
[SourceQuality "1"]

{[%evp 16,63,0,0,0,0,4,0,32,33,26,10,29,0,5,-34,33,0,27,-25,-29,-13,-27,-25,-29,-48,-57,-37,-37,-69,-70,-70,-25,-88,-95,-661,-687,-729,-725,-718,-694,-714,-702,-675,-671,-29985,-29986,-29986,-29987,-29999]} 1. e4 e5 2. Nf3 Nc6 3. Bb5 Nf6 4. O-O Nxe4 5. d4 Nd6 6. dxe5 Nxb5 7. a4 Nbd4 8. Nxd4 Nxd4 9. Qxd4 d5 {C67: Ruy Lopez: Berlin Defence: 4 0-0 Nxe4} 10. Qd3 (10. exd6 Qxd6 11. Qe3+ Be7 12. Nc3 c6 13. Re1 Be6 14. Ne4 Qe5 15. Ng5 Qxe3 16. Bxe3 Bxg5 17. Bxg5 O-O 18. a5 Rfe8 {½-½ (51) Grandelius,N (2678)-Malakhov,V (2654) Germany 2019}) 10... c6 11. a5 g6 {The position is equal.} 12. Be3 Be7 13. Bh6 Bf5 14. Qb3 $146 ({Predecessor:} 14. Qg3 Qd7 15. Nd2 O-O-O 16. a6 b6 17. Nf3 {½-½ (31) Pecka,J (2432)-Stronsky,V (2393) ICCF email 2016}) 14... Qd7 15. Rd1 Be6 (15... O-O-O $15) 16. Qg3 O-O-O 17. Bg5 (17. h4 $142) 17... h5 $11 18. Bxe7 Qxe7 19. Nd2 h4 20. Qe3 d4 21. Qe2 Bd5 22. c4 dxc3 $1 23. bxc3 Qg5 {[%csl Gd5][%cal Rg5g2] [#]} 24. Nf3 (24. f3 $1 $11) 24... Qg4 $40 {[%mdl 128] Strongly threatening ...h3. Black attacks with force.} 25. Rd3 $2 {[%mdl 8192]} (25. Rd4 $17 Bxf3 26. Qxf3 Qxf3 27. gxf3) 25... h3 $19 {[%csl Gh3][%cal Rg4g2]} 26. g3 Bc4 27. Rad1 Rxd3 28. Rxd3 Bxd3 29. Qxd3 Rd8 30. Qe3 Rd1+ {Black mates.} 31. Ne1 {[#]} Qf3 $1 {[%mdl 576] Deflection, Back Rank} 32. Qxf3 Rxe1# {Accuracy: White = 21%, Black = 70%.} 0-1